|
|
|
|
| LEADER |
00000nab a2200000uu 4500 |
| 001 |
vtls011478056 |
| 003 |
SK-MaSNL |
| 005 |
20260303155956.0 |
| 008 |
230222|2004 xo |||||||||||||||||slo| |
| 015 |
|
|
|a SNBRB
|
| 035 |
|
|
|a (urnnbn)urn:nbn:sk:snk:ar-0027pk
|
| 035 |
|
|
|a (uuid)cde72bcf-51a5-4e59-a109-2bdabf5de7b9
|
| 035 |
|
|
|a urn:nbn:sk:snk-abd661
|
| 040 |
|
|
|a SNKBUCL
|b slo
|c SNKBUCL
|e AACR2
|
| 041 |
0 |
|
|a slo
|
| 044 |
|
|
|a xo
|c SK
|
| 100 |
1 |
|
|a Gradoš, Juraj,
|d 1974-
|4 aut
|9 183841
|
| 245 |
1 |
0 |
|a Na počiatku stvoril Boh
|c Juraj Gradoš
|
| 773 |
0 |
|
|t Slovo : časopis gréckokatolíckej cirkvi
|g Roč. 36, č. 1 (2004), s. 13
|
| 954 |
|
|
|a odborná, vedecká literatúra pôvodná (slovenská)
|2 lita
|
| 958 |
|
|
|a OND
|
| 958 |
|
|
|a EUIPO
|
| 958 |
|
|
|a article18
|
| 999 |
|
|
|c 2043607
|d 2045537
|